Geography Quiz

Random Geography or State Quiz

Great Lakes Quiz Stats

 Plays Quiz Updated Mar 19, 2020

Support Sporcle.
Go Orange.
Score 0/5 Timer 01:00
0 Plays Today
Lake % Correct
Lake Michigan
96.2%
Lake Erie
93.1%
Lake Superior
90.9%
Lake Ontario
86.2%
Lake Huron
83.8%

From the Vault

Sporcle Subcategories Typing Challenge

by guilherme_4

Kyrgyzstan should definitely have its own subcategory.
Remove Ads.
Support Sporcle.
Get the best of Sporcle when you Go Orange. This ad-free experience offers more features, more stats, and more fun while also helping to support Sporcle. Thank you for becoming a member.

Show Comments

Extras

Top Quizzes Today


Score Distribution

Your Account Isn't Verified!

In order to create a playlist on Sporcle, you need to verify the email address you used during registration. Go to your Sporcle Settings to finish the process.

Report this User

Report this user for behavior that violates our Community Guidelines.

Details: